000 00507nam a2200181 i 4500
001 bg
245 1 0 _aKomputerowy zapis i obróbka video :
_bkrótki przewodnik /
_cHDP Electronics.
260 _aWrocław :
_bHDP Electronics,
_c2000.
300 _a47 s. :
_bil. ;
_c19 cm +
_eCD ROM.
650 9 _aMultimedia
650 9 _aPrzetwarzanie obrazów
710 0 _aHDP Electronics
040 _cBPK
041 0 _apl
080 _a004.032.6:004.932
942 _cKS
008 s pl f |000 0 pol
999 _c38601
_d38601
856 _uhttp://koha.tu.koszalin.pl/cgi-bin/koha/opac-detail.pl?biblionumber=38601
_yKatalog online BPK